00763nam a2200181 a 450000100060000000300090000600800410001504000280005608200190008410000320010324500890013526000610022430000080028549000200029350502000031365000340051365000340054722475CO-ViMGA141112s2004 ck r 000 u spa d aCO-ViMGAbspacCO-ViMGA04a324.2986 R377i1 aRestrepo Arredondo, Beltran10aIncidencia de la reforma política en el sistema electoral y de partidos colombiano aBogotá : bUniversidad Cooperativa de Colombia, c2006 a175 aLibros de texto aLa reforma Política o acto legislativo 01 de 2003 17 - 21 - - Sistemá politico colombiano 25 - 78 - - L a reforma Política y los cambios en los sistemas de los partidos politicos 81 - 117 14aPARTIDOS POLITICOS - COLOMBIA14aREFORMA Política - COLOMBIA